header

Ethics and the national economy (Record no. 39075)

MARC details
000 -LEADER
fixed length control field 01334nam a22003374a 4500
082 04 - DEWEY DECIMAL CLASSIFICATION NUMBER
Classification number 241/.64
100 1# - MAIN ENTRY--AUTHOR NAME
Personal name Pesch, Heinrich,
245 10 - TITLE STATEMENT
Title Ethics and the national economy
260 ## - PUBLICATION, DISTRIBUTION, ETC. (IMPRINT)
Place of publication Norfolk, VA :
Name of publisher IHS Press,
Year of publication 2004.
300 ## - PHYSICAL DESCRIPTION
Number of Pages 182 p.
650 #0 - SUBJECT ADDED ENTRY--TOPICAL TERM
Topical Term Economics
Topical Term Christian sociology
700 1# - ADDED ENTRY--PERSONAL NAME
Personal name Ederer, Rupert J.
856 40 - ELECTRONIC LOCATION AND ACCESS
Uniform Resource Identifier http://site.ebrary.com/lib/rucke/Doc?id=10229766

No items available.

© 2026 Rongo University
Contact us: librarian | system librarian | Rongo university